000 00258nam a2200109Ia 4500
008 190914s9999||||xx |||||||||||||| ||und||
100 _aShukla, Grewal
245 0 _aAdvanced Accounts Volume II
260 _aIndia
_bDorling
_c2002
300 _a588
942 _cBK
999 _c9954
_d9954